States That Border Nebraska Quiz Stats

Quiz Updated Sep 13, 2017

Challenge
Share
Tweet
Embed
Score 0/6 Timer 01:00
3 Plays Today
State % Correct
Kansas
92.8%
South Dakota
91.9%
Colorado
89.5%
Iowa
87.7%
Wyoming
83.4%
Missouri
83%

You're not logged in!

Compare scores with friends on all Sporcle quizzes.
Sign Up with Email
OR
Log In

You Might Also Like...

Show Comments

Extras

Top Quizzes Today


Score Distribution

Your Account Isn't Verified!

In order to create a playlist on Sporcle, you need to verify the email address you used during registration. Go to your Sporcle Settings to finish the process.